LIBRARY ONLINE CATALOGUE

Business and administrative communication / (Record no. 18561)

MARC details
000 -LEADER
fixed length control field 00726cam a22002532 4500
001 - CONTROL NUMBER
control field 0000002320
003 - CONTROL NUMBER IDENTIFIER
control field OSt
005 - DATE AND TIME OF LATEST TRANSACTION
control field 20201009103405.0
008 - FIXED-LENGTH DATA ELEMENTS--GENERAL INFORMATION
fixed length control field 070410s xx 000 0 eng d
020 ## - INTERNATIONAL STANDARD BOOK NUMBER
International Standard Book Number 1259095657
040 ## - CATALOGING SOURCE
Original cataloging agency KABU
Transcribing agency KABU
050 #0 - LIBRARY OF CONGRESS CALL NUMBER
Classification number HF5718
Item number .L63 2017 c.1
100 1# - MAIN ENTRY--PERSONAL NAME
Personal name Locker, Kitty O.
245 10 - TITLE STATEMENT
Title Business and administrative communication /
Statement of responsibility, etc. Kitty O. Locker.
250 ## - EDITION STATEMENT
Edition statement 11th ed.
260 ## - PUBLICATION, DISTRIBUTION, ETC. (IMPRINT)
Place of publication, distribution, etc. Boston, Mass. :
Name of publisher, distributor, etc. Irwin/McGraw-Hill,
Date of publication, distribution, etc. 2017
300 ## - PHYSICAL DESCRIPTION
Extent xl,726p.
650 #0 - SUBJECT ADDED ENTRY--TOPICAL TERM
Topical term or geographic name as entry element Business communication.
650 #0 - SUBJECT ADDED ENTRY--TOPICAL TERM
Topical term or geographic name as entry element Communication in management.
700 ## - ADDED ENTRY--PERSONAL NAME
Personal name Donna S. Kienzler
908 ## - PUT COMMAND PARAMETER (RLIN)
Put command parameter 070410
942 ## - ADDED ENTRY ELEMENTS (KOHA)
Source of classification or shelving scheme Library of Congress Classification
Koha item type General Collection
Holdings
Withdrawn status Lost status Source of classification or shelving scheme Not for loan Home library Current library Date acquired Total Checkouts Full call number Barcode Date last seen Price effective from Koha item type Cost, normal purchase price
    Library of Congress Classification   Kabarak, Main Campus Kabarak, Main Campus 09/10/2020   HF5718 .L63 2017 c.1 028802 09/10/2020 09/10/2020 General Collection  
    Library of Congress Classification   Kabarak, Main Campus Kabarak, Main Campus 09/10/2020   HF5718 .L63 2017 c.2 028803 09/10/2020 09/10/2020 General Collection  
    Library of Congress Classification   Kabarak, Nakuru City Campus Kabarak, Nakuru City Campus 09/10/2020   HF5718 .L63 2017 c.1 028804 09/10/2020 09/10/2020 General Collection 4216.00